000 01057nam a22003017a 4500
001 1184529
003 OSt
005 20230124065034.0
008 151215b xxu||||| |||| 00| 0 eng d
010 _a 97081435
020 _a1560534494
040 _aMMU
_cMMU
_beng
_dMMU
050 0 0 _aRC649
_b.M36 2001
082 0 0 _a616.4/0076
_221
100 1 _aMcDermott, Michael T.,
_d1952-
245 1 0 _aEndocrine secrets /
_cMichael T. McDermott.
250 _a3nd ed.
260 _aPhiladelphia :
_bHanley & Belfus,
_cc1998.
300 _axii, 493 p. :
_bill. ;
_c23 cm.
440 4 _aThe secrets series
504 _aIncludes bibliographical references and index.
650 0 0 _aEndocrinology
_xExaminations, questions, etc.
650 0 _aEndocrine glands
_xDiseases
_xExaminations, questions, etc.
650 1 2 _aEndocrine Diseases
_xphysiopathology.
906 _a7
_bcbc
_corignew
_d2
_eopcn
_f19
_gy-gencatlg
942 _2lcc
_cLOAN LOAN
999 _c16099
_d16099